Ramayan in nut-shell : (Record no. 42807)

MARC details
000 -LEADER
fixed length control field 00714nam a22001937a 4500
005 - DATE AND TIME OF LATEST TRANSACTION
control field 2010082107027.0
010 ## - LCCN (DPL NO)
LC control number ENG-101189
020 ## - INTERNATIONAL STANDARD BOOK NUMBER
Terms of availability 125.00
035 ## - SYSTEM CONTROL NUMBER
System control number EN-84722
037 ## - SOURCE OF ACQUISITION
Source of stock number/acquisition DBAD/PUB
082 ## - DEWEY DECIMAL CLASSIFICATION NUMBER
Classification number 230.1
100 ## - MAIN ENTRY--PERSONAL NAME
Personal name Raghavendran, T. S.
245 ## - TITLE STATEMENT
Title Ramayan in nut-shell :
Remainder of title along with marga pada in Brahmasutra bhashya /
Statement of responsibility, etc by T. S. Raghavendran
260 ## - PUBLICATION, DISTRIBUTION, ETC. (IMPRINT)
Place of publication, distribution, etc Tiruchanur
Name of publisher, distributor, etc Sri Madhva Siddhanta Onnahini Sabha
270 ## - ADDRESS
City Tiruchanur
Postal code 517503
300 ## - PHYSICAL DESCRIPTION
Extent xxviii,232p.:
Other physical details ill.
Dimensions 22cm (pbk)
Accompanying material Photos
942 ## - ADDED ENTRY ELEMENTS (KOHA)
Source of classification or shelving scheme Dewey Decimal Classification
Item type English Books
Classification part 230.1
Call number suffix RAG
Holdings
Withdrawn status Lost status Not for loan Collection code Home library Current library Date acquired Source of acquisition Cost, normal purchase price Full call number Barcode Copy number Cost, replacement price Koha item type
    Not For Loan Non-fiction D.B.Act.Division D.B.Act.Division 21/08/2010 DBAD/PUB 125.00 230.1 RAG EN-84722 1 125.00 English Books

© Delhi Public Library
Hit Counter
free hit counter